| 000 | 00345nam a2200133Ia 4500 | ||
|---|---|---|---|
| 005 | 20251222144709.0 | ||
| 008 | 251222s9999||||xx |||||||||||||| ||spa|| | ||
| 020 | _a978-84-975671-4-5 | ||
| 082 | _a302.3/M26/Ej.2 | ||
| 100 | _aMartínez, María del Carmen | ||
| 245 | 0 | _aManual de Psicología de los Grupos | |
| 264 | _bSíntesis | ||
| 942 | _cLIB | ||
| 999 |
_c17758 _d17758 |
||